| 000 | 00480nam a22001817a 4500 | ||
|---|---|---|---|
| 003 | CEME | ||
| 005 | 20210628205915.0 | ||
| 008 | 210208b xxu||||| |||| 00| 0 eng d | ||
| 020 | _a0-8299-0053-5 | ||
| 040 | _c. | ||
| 082 | _a621.4021 SIL | ||
| 100 |
_aSilver, Howard.F Nydahl, John.E _977441 |
||
| 245 | _aIntroduction to engineering thermodynamics | ||
| 260 |
_aLOS ANGELES _bWEST PUBLISHING _c1977 |
||
| 300 | _a557P | ||
| 650 |
_aTHERMODYNAMICS _97134 |
||
| 942 |
_cBK _2ddc |
||
| 999 |
_c582707 _d582707 |
||